[Event "La Roda op 42nd"]
[Site "La Roda"]
[Date "2015.04.02"]
[Round "3"]
[White "Landa Manux, Josu"]
[Black "Jimenez Martinez, Jose Vicente"]
[Result "0-1"]
[WhiteElo "2015"]
[BlackElo "2301"]
[PlyCount "56"]
[EventDate "2015.04.01"]
[EventType "swiss"]
[EventRounds "9"]
[EventCountry "ESP"]
[SourceTitle "CBM 165 Extra"]
[Source "ChessBase"]
[SourceDate "2015.04.21"]
[SourceVersion "1"]
[SourceVersionDate "2015.04.21"]
[SourceQuality "1"]

1. Nf3 g6 2. e4 d6 3. d4 Bg7 4. Nc3 Nf6 5. Be2 0-0 6. 0-0 c6 7. a4 Nbd7 8. e5 Ne8 9. Bf4 dxe5 10. dxe5 Nc7 11. h3 Ne6 12. Bg3 Qa5 13. b4 Qxb4 14. Qd3 Nf4 15. Qe3 Nxe2+ 16. Nxe2 Nc5 17. Ned4 Ne6 18. Nxe6 Bxe6 19. Rfb1 Qc4 20. Rxb7 a5 21. c3 c5 22. Rb5 Rfc8 23. Nd2 Qd5 24. c4 Qd4 25. Ra3 Rd8 26. Bf4 Qxe3 27. Bxe3 Bxe5 28. Ra2 Bxc4 0-1

[Event "San Sebastian op 31st"]
[Site "San Sebastian"]
[Date "2008.03.21"]
[Round "7"]
[White "Garay Lenne, Luis Maria"]
[Black "Landa Manux, Josu"]
[Result "1/2-1/2"]
[WhiteElo "2025"]
[BlackElo "1995"]
[PlyCount "79"]
[EventDate "2008.03.16"]
[EventType "swiss"]
[EventRounds "9"]
[EventCountry "ESP"]
[SourceTitle "CBM 123 Extra"]
[Source "ChessBase"]
[SourceDate "2008.05.06"]
[SourceVersion "1"]
[SourceVersionDate "2008.05.06"]
[SourceQuality "1"]

1. e4 d5 2. exd5 Qxd5 3. Nc3 Qd6 4. d4 Nf6 5. Nf3 a6 6. Be2 Nc6 7. 0-0 Bg4 8. h3 Bh5 9. Be3 e6 10. Qd2 Be7 11. Rad1 0-0 12. a3 Rad8 13. Rfe1 Bg6 14. Bd3 Bxd3 15. Qxd3 Nb8 16. Ne5 c5 17. Ne4 Qc7 18. c3 Nc6 19. Nxc6 Qxc6 20. Bg5 c4 21. Qf3 Nd5 22. Qh5 Bxg5 23. Nxg5 h6 24. Nf3 Nf4 25. Qg4 Nd3 26. Ne5 Nxe5 27. Rxe5 Rd5 28. Rde1 Rfd8 29. f4 Qb6 30. Qe2 Rb5 31. Rxb5 Qxb5 32. Rf1 Rd5 33. g4 g6 34. Rf3 Kg7 35. Re3 Qb3 36. Re5 Rxe5 37. fxe5 f6 38. exf6+ Kxf6 39. Qe5+ Kf7 40. Qf4+ 1/2-1/2

[Event "Erandio op"]
[Site "Erandio"]
[Date "2007.12.20"]
[Round "7"]
[White "Landa Manux, Josu"]
[Black "Rodriguez Gonzalez, Alex"]
[Result "1-0"]
[WhiteElo "2018"]
[BlackElo "2088"]
[PlyCount "55"]
[EventDate "2007.12.17"]
[EventType "swiss"]
[EventRounds "9"]
[EventCountry "ESP"]
[SourceTitle "CBM 121 Extra"]
[Source "ChessBase"]
[SourceDate "2008.01.10"]
[SourceVersion "1"]
[SourceVersionDate "2008.01.10"]
[SourceQuality "1"]

1. d4 d6 2. c4 e5 3. Nc3 Nd7 4. Nf3 Ngf6 5. Qc2 Be7 6. Bg5 c6 7. e3 0-0 8. Bd3 h6 9. Bh4 Ng4 10. Bg3 exd4 11. exd4 c5 12. 0-0 cxd4 13. Nxd4 Bf6 14. Rad1 Nb6 15. Ndb5 Be5 16. Nxd6 Kh8 17. Bf5 Bxf5 18. Qxf5 Qd7 19. Bxe5 Nxe5 20. Qxe5 Qc7 21. Ncb5 Qc6 22. b3 a6 23. Nc3 Nd7 24. Qe7 Nf6 25. Nxf7+ Kh7 26. Ne5 Qb6 27. Nd7 Rae8 28. Qxf8 1-0

[Event "Erandio op"]
[Site "Erandio"]
[Date "2007.12.18"]
[Round "3"]
[White "Landa Manux, Josu"]
[Black "Montolio Benedicto, Cesar"]
[Result "1/2-1/2"]
[WhiteElo "2018"]
[BlackElo "2023"]
[PlyCount "61"]
[EventDate "2007.12.17"]
[EventType "swiss"]
[EventRounds "9"]
[EventCountry "ESP"]
[SourceTitle "CBM 121 Extra"]
[Source "ChessBase"]
[SourceDate "2008.01.10"]
[SourceVersion "1"]
[SourceVersionDate "2008.01.10"]
[SourceQuality "1"]

1. d4 Nf6 2. c4 g6 3. Nc3 Bg7 4. e4 d6 5. f4 0-0 6. Bd3 c5 7. d5 e6 8. dxe6 fxe6 9. Nf3 Nc6 10. 0-0 a6 11. Kh1 Nh5 12. Ng1 Nd4 13. Qe1 Bh6 14. Nh3 Bd7 15. Ne2 Nxe2 16. Qxe2 Qh4 17. Qf2 Qxf2 18. Rxf2 Bc6 19. Bd2 Bg7 20. Rb1 Bd4 21. Rff1 Nf6 22. Ng5 Rae8 23. f5 exf5 24. exf5 gxf5 25. Rxf5 Ng4 26. Rxf8+ Rxf8 27. Be1 Ne3 28. Bxh7+ Kh8 29. h4 Nxg2 30. Bc3 Nxh4+ 31. Be4 1/2-1/2